skbl

Dr Suryya Kumar Bhuyan Library Web-OPAC
ডঃ সূৰ্য্য
কুমাৰ ভূঞা পুথিভঁৰাল ৱেব-অ'পেক

All Research Scholars are advised to clear the annual library fees to continue using Library Resources, Remote Access, Plagiarism Test and Library Clearance.

Cotton University Book Fair 2026

Shubhadinar Apekkhat (Record no. 67284)

MARC details
000 -LEADER
fixed length control field 00497nam a2200193Ia 4500
001 - CONTROL NUMBER
control field 66191
008 - FIXED-LENGTH DATA ELEMENTS--GENERAL INFORMATION
fixed length control field 231101n ii |||gr||||Z||||||asm
020 ## - INTERNATIONAL STANDARD BOOK NUMBER
International Standard Book Number 978-9381-069-882
082 ## - DEWEY DECIMAL CLASSIFICATION NUMBER
Classification number 891.41
100 ## - MAIN ENTRY--PERSONAL NAME
Personal name Bora, Jayashree.
245 #0 - TITLE STATEMENT
Title Shubhadinar Apekkhat
Statement of responsibility, etc. By Jayashree Bora
Medium Textual Documents
250 ## - EDITION STATEMENT
Edition statement First.
260 ## - PUBLICATION, DISTRIBUTION, ETC.
Place of publication, distribution, etc. Assam
Name of publisher, distributor, etc. Banalata
Date of publication, distribution, etc. 2013.
300 ## - PHYSICAL DESCRIPTION
Extent 238pg:
Dimensions 23cm.
653 ## - INDEX TERM--UNCONTROLLED
Uncontrolled term Assamese
653 ## - INDEX TERM--UNCONTROLLED
Uncontrolled term Shubhadinar Apekkhat
653 ## - INDEX TERM--UNCONTROLLED
Uncontrolled term G-Gift Section
942 ## - ADDED ENTRY ELEMENTS (KOHA)
Source of classification or shelving scheme Dewey Decimal Classification
Koha item type Books
Holdings
Withdrawn status Lost status Damaged status Not for loan Collection Home library Current library Shelving location Date acquired Coded location qualifier Cost, normal purchase price Total checkouts Full call number Barcode Date last seen Copy number Price effective from Koha item type
          Dr. Suryya Kumar Bhuyan Library Dr. Suryya Kumar Bhuyan Library   01/11/2023 00000 100.00   891.41 Bo 23 Sa 6791/gift 14/01/2024 1 01/11/2023 Books

Designed and Maintained by Team SKBL
©1901-2026

Powered by Koha